000 00636nam a2200169 a 4500
001 000049215
005 20201002061738.0
008 190730s1999 dr r 000 0 spa d
040 _aDO-SdBNP
_bspa
_cBNPHU
082 _axxxx
_bM534J
100 1 _aMena, Miguel D.
_929501
245 1 0 _aJuan Sánchez Lamouth en el cabaret de los crueles :
_bapertura a la poesía de la urbanidad dominicana /
_cMiguel D. Mena.
260 _aSanto Domingo :
_bEdiciones en el jardín de las delicias,
_c1999.
300 _a123 p. ;
_c20 cm.
500 _aIncluye referencias bibliográficas y notas al pie de las páginas
590 _aInventariado, 2019/BT
999 _c48703
_d48703